<?xml version="1.0" encoding="UTF-8"?>
<collection xmlns="http://www.loc.gov/MARC21/slim">
<record>
  <controlfield tag="001">163673</controlfield>
  <controlfield tag="005">20251028143428.0</controlfield>
  <datafield tag="024" ind1="8" ind2=" ">
    <subfield code="2">innovaciondocente</subfield>
    <subfield code="a">5476</subfield>
  </datafield>
  <datafield tag="037" ind1=" " ind2=" ">
    <subfield code="a">INNODOC-2024-5476</subfield>
  </datafield>
  <datafield tag="041" ind1=" " ind2=" ">
    <subfield code="a">spa</subfield>
  </datafield>
  <datafield tag="100" ind1=" " ind2=" ">
    <subfield code="0">(orcid)0000-0001-9716-9790</subfield>
    <subfield code="a">Sanz Segura, Rosana</subfield>
    <subfield code="e">coord.</subfield>
  </datafield>
  <datafield tag="245" ind1=" " ind2=" ">
    <subfield code="a">Observatorio de Creación Cultural en Entornos Rurales de Aragón: Proyectos de Aprendizaje-Servicio (APS) para el Arraigo del Alumnado en el Territorio.</subfield>
  </datafield>
  <datafield tag="260" ind1=" " ind2=" ">
    <subfield code="a">Zaragoza</subfield>
    <subfield code="b">Universidad de Zaragoza</subfield>
    <subfield code="c">2024</subfield>
  </datafield>
  <datafield tag="520" ind1="3" ind2=" ">
    <subfield code="a">Dentro del Programa de Innovación Social de la Universidad de Zaragoza, se propone el proyecto denominado  'Observatorio de Creación Cultural en Entornos Rurales de Aragón: Proyectos de Aprendizaje-Servicio (APS) para el Arraigo del Alumnado en el Territorio’. Se trata de un proyecto a desarrollar en colaboración con la Asociación sin ánimo de lucro ‘OCRE’, (www.ocre.info), reconocida por su experiencia en proyectos e iniciativas sociales y culturales en contextos rurales, y cuyas acciones están enmarcadas en el sistema de cuádruple hélice de los espacios de innovación social o living labs. De acuerdo a este enfoque, esta entidad lleva a cabo la transferencia de conocimiento entre cuatro grupos clave: 1) la ciudadanía, 2) las instituciones públicas, 3) el sector profesional de la cultura, y 4) los grupos y personal de investigación de la Universidad de Zaragoza. A partir de esta red de agentes y de colaboración, mediante el proyecto marco que proponemos se llevarán a cabo una serie de proyectos de aprendizaje-servicio en el ámbito rural, por parte del alumnado de las titulaciones de Grado y Máster en Ingeniería de Diseño de la Universidad de Zaragoza, y en el contexto de sus asignaturas de Trabajo de Fin de Estudios (TFE).</subfield>
  </datafield>
  <datafield tag="700" ind1=" " ind2=" ">
    <subfield code="0">(orcid)0000-0003-1042-7924</subfield>
    <subfield code="a">Manchado Pérez, Eduardo José</subfield>
  </datafield>
  <datafield tag="700" ind1=" " ind2=" ">
    <subfield code="0">(orcid)0000-0001-6352-2023</subfield>
    <subfield code="a">López Forniés, Ignacio</subfield>
  </datafield>
  <datafield tag="700" ind1=" " ind2=" ">
    <subfield code="0">(orcid)0000-0003-2256-8898</subfield>
    <subfield code="a">Pinilla Navarro, Vicente José</subfield>
  </datafield>
  <datafield tag="856" ind1="4" ind2=" ">
    <subfield code="s">73666</subfield>
    <subfield code="u">http://zaguan.unizar.es/record/163673/files/memoria_PISOC_2024_5476.pdf</subfield>
    <subfield code="y">Memoria del proyecto</subfield>
  </datafield>
  <datafield tag="970" ind1=" " ind2=" ">
    <subfield code="a">INNODOC-2024-5476</subfield>
  </datafield>
  <datafield tag="980" ind1=" " ind2=" ">
    <subfield code="a">INNODOC</subfield>
    <subfield code="b">PISOC</subfield>
  </datafield>
</record>
</collection>